[Event "CZE-ch Seniors 65"]
[Site "Olomouc"]
[Date "2023.08.14"]
[Round "4"]
[White "Pokora, Lubomir"]
[Black "Mayer, Josef"]
[Result "0-1"]
[WhiteElo "1756"]
[BlackElo "1846"]
[PlyCount "82"]
[EventDate "2023.08.12"]
[EventType "swiss"]
[EventRounds "9"]
[EventCountry "CZE"]
[SourceTitle "EXT 2024"]
[Source "ChessBase"]
[SourceDate "2023.10.10"]
[SourceVersion "1"]
[SourceVersionDate "2023.10.10"]
[SourceQuality "1"]

1. e4 g6 2. d4 Bg7 3. Nc3 d6 4. g3 Nf6 5. Bg2 0-0 6. h3 Nc6 7. Nge2 e5 8. Be3 exd4 9. Nxd4 Bd7 10. 0-0 Re8 11. Qd2 Qc8 12. Kh2 a6 13. a4 Ne5 14. b3 c5 15. Nde2 Bxh3 16. Qxd6 Neg4+ 17. Kg1 Bxg2 18. Kxg2 Nxe3+ 19. fxe3 Nxe4 20. Qd3 Nxc3 21. Nxc3 Qe6 22. e4 Bxc3 23. Qxc3 Qxe4+ 24. Kg1 Qe3+ 25. Qxe3 Rxe3 26. Kg2 Re2+ 27. Rf2 Rxf2+ 28. Kxf2 Rd8 29. Ke2 f5 30. Rf1 Kg7 31. c4 a5 32. Rf3 h5 33. Re3 Kf6 34. Kf3 Rd2 35. Rc3 g5 36. Ke3 Rd4 37. Kf3 b6 38. Re3 g4+ 39. Kf2 Rd2+ 40. Ke1 Rb2 41. Rd3 Ke5 0-1

[Event "Olexa Memorial op"]
[Site "Brno"]
[Date "2021.12.28"]
[Round "5"]
[White "Pokora, Lubomir"]
[Black "Nisztuk, Michal"]
[Result "0-1"]
[WhiteElo "1758"]
[BlackElo "1502"]
[PlyCount "154"]
[EventDate "2021.12.26"]
[EventType "swiss"]
[EventRounds "7"]
[EventCountry "CZE"]
[SourceTitle "CBM 205 Extra"]
[Source "ChessBase"]
[SourceDate "2022.01.31"]
[SourceVersion "1"]
[SourceVersionDate "2022.01.31"]
[SourceQuality "1"]

1. b3 d5 2. Bb2 c5 3. e3 Nc6 4. Bb5 Nf6 5. Nf3 Bg4 6. h3 Bh5 7. g4 Bg6 8. Ne5 Rc8 9. Bxc6+ bxc6 10. d3 e6 11. h4 h6 12. Nxg6 fxg6 13. Nd2 Be7 14. Qe2 0-0 15. 0-0-0 Nd7 16. h5 Bf6 17. Rdf1 Bxb2+ 18. Kxb2 g5 19. f3 Rb8 20. c3 Qa5 21. Rc1 Nb6 22. Ka1 Rf7 23. e4 Re7 24. Rc2 Qa3 25. Nb1 Qa6 26. Nd2 Nd7 27. e5 Rf7 28. c4 Rf4 29. Rf1 Qa5 30. Kb1 Qc7 31. Rcc1 a5 32. a4 Qb7 33. Ka2 Nb6 34. Rb1 Qf7 35. Qe3 Nd7 36. Rfe1 g6 37. hxg6 Qxg6 38. Nf1 Rbf8 39. Nd2 h5 40. gxh5 Qxh5 41. Rbd1 Rh4 42. Rg1 Rff4 43. Kb1 Rf5 44. Rg2 Rxe5 45. Qf2 Kf7 46. Rdg1 Ke7 47. Kc2 Kd8 48. Rg4 Rh1 49. Rxh1 Qxh1 50. Rg1 Qh7 51. Nf1 Qh8 52. Ne3 Kc7 53. f4 Qf8 54. Rg4 gxf4 55. Rxf4 Qh6 56. Ng4 Re2+ 57. Qxe2 Qxf4 58. Qh2 e5 59. Qxf4 exf4 60. Kd2 Kd6 61. Ke2 Ne5 62. Nh2 Ke6 63. Nf1 Nd7 64. Nd2 Kf5 65. Nf3 Ne5 66. Nh2 Nd7 67. Kf3 Ke5 68. Ng4+ Kd4 69. Kxf4 Kxd3 70. Ne3 d4 71. Nf5 Kc3 72. Ne7 Nb8 73. Ke4 Kxb3 74. Kd3 Kxa4 75. Ng6 Kb3 76. Nf4 a4 77. Ne6 Na6 0-1

[Event "Ceske Budejovice op-B"]
[Site "Ceske Budejovice"]
[Date "2020.07.09"]
[Round "9"]
[White "Garabik, Marek"]
[Black "Pokora, Lubomir"]
[Result "1-0"]
[WhiteElo "1363"]
[BlackElo "1800"]
[PlyCount "93"]
[EventDate "2020.07.01"]
[EventType "swiss"]
[EventRounds "9"]
[EventCountry "CZE"]
[SourceTitle "CBM 197 Extra"]
[Source "ChessBase"]
[SourceDate "2020.09.30"]
[SourceVersion "1"]
[SourceVersionDate "2020.09.30"]
[SourceQuality "1"]

1. e4 e5 2. Nf3 Nf6 3. Nxe5 d6 4. Nf3 Nxe4 5. Nc3 Nxc3 6. dxc3 Be7 7. Bd3 Nc6 8. Be3 Be6 9. Bb5 a6 10. Bxc6+ bxc6 11. Nd4 Bd7 12. Qf3 d5 13. Nb3 0-0 14. 0-0 Qc8 15. h3 Rb8 16. Rab1 Bf5 17. Nd4 Be4 18. Nxc6 Bf6 19. Qe2 Ra8 20. f3 Bg6 21. Qf2 Re8 22. Rfe1 Qd7 23. Nd4 Qd8 24. Nb3 h5 25. Bd4 Rxe1+ 26. Rxe1 Bh4 27. g3 Be7 28. Qe2 Bf8 29. h4 Qd7 30. Kg2 Qf5 31. Qd3 Qd7 32. Qe2 c6 33. Bc5 a5 34. Bxf8 Kxf8 35. Nc5 Qd6 36. Nd3 f6 37. Nf4 Bf7 38. Qd3 Kg8 39. Kf2 Qd7 40. Re2 g5 41. hxg5 fxg5 42. Ng6 Qh3 43. Ne7+ Kh8 44. Qd4+ Kh7 45. Qf6 Qh2+ 46. Ke1 Qxg3+ 47. Kd1 1-0

[Event "Ceske Budejovice op-B"]
[Site "Ceske Budejovice"]
[Date "2020.07.05"]
[Round "5"]
[White "Pokora, Lubomir"]
[Black "Vojtek, Pavel"]
[Result "1-0"]
[WhiteElo "1800"]
[BlackElo "1292"]
[PlyCount "61"]
[EventDate "2020.07.01"]
[EventType "swiss"]
[EventRounds "9"]
[EventCountry "CZE"]
[SourceTitle "CBM 197 Extra"]
[Source "ChessBase"]
[SourceDate "2020.09.30"]
[SourceVersion "1"]
[SourceVersionDate "2020.09.30"]
[SourceQuality "1"]

1. d4 Nf6 2. Nf3 d6 3. e3 g6 4. Bd3 Bg7 5. Nbd2 0-0 6. c3 Re8 7. e4 e5 8. 0-0 Nc6 9. d5 Ne7 10. Re1 a6 11. Nf1 Nexd5 12. exd5 e4 13. Be2 exf3 14. Bxf3 b5 15. Bf4 Bb7 16. Ne3 Qd7 17. a4 Re7 18. Qb3 Ne4 19. axb5 Nd2 20. Qd1 Nxf3+ 21. Qxf3 Qxb5 22. c4 Qb4 23. Rab1 Rae8 24. h4 Bd4 25. b3 Bc8 26. Red1 Bxe3 27. Bxe3 Re4 28. Qf6 Bf5 29. Bh6 Re1+ 30. Kh2 Qc3 31. Qxc3 1-0

[Event "Marianske Lazne op 50+"]
[Site "Marianske Lazne"]
[Date "2019.01.22"]
[Round "5"]
[White "Pokora, Lubomir"]
[Black "Sonntagbauer, Manfred"]
[Result "1/2-1/2"]
[WhiteElo "1885"]
[BlackElo "1000"]
[PlyCount "48"]
[EventDate "2019.01.19"]
[EventType "swiss"]
[EventRounds "9"]
[EventCountry "CZE"]
[SourceTitle "CBM 188 Extra"]
[Source "ChessBase"]
[SourceDate "2019.02.26"]
[SourceVersion "1"]
[SourceVersionDate "2019.02.26"]
[SourceQuality "1"]

1. d4 d5 2. Bf4 Bf5 3. e3 Nf6 4. c4 Bxb1 5. Qxb1 c6 6. a3 g6 7. Nf3 Nbd7 8. h3 Bg7 9. Be2 0-0 10. 0-0 dxc4 11. Bxc4 Nb6 12. Be2 Nbd5 13. Be5 Nd7 14. Bxg7 Kxg7 15. Rd1 e6 16. Qd3 f5 17. Rac1 N7f6 18. Ne5 Qc7 19. g3 h5 20. Bf3 Nd7 21. Nc4 Rab8 22. Bg2 N7b6 23. Ne5 Nd7 24. Nc4 N7b6 1/2-1/2

[Event "Olomouc Summer op Seniors 20th"]
[Site "Olomouc"]
[Date "2017.08.16"]
[Round "6"]
[White "Heppell, Ian"]
[Black "Pokora, Lubomir"]
[Result "1-0"]
[WhiteElo "2062"]
[BlackElo "1901"]
[PlyCount "39"]
[EventDate "2017.08.12"]
[EventType "swiss"]
[EventRounds "9"]
[EventCountry "CZE"]
[SourceTitle "CBM 180 Extra"]
[Source "ChessBase"]
[SourceDate "2017.10.06"]
[SourceVersion "1"]
[SourceVersionDate "2017.10.06"]
[SourceQuality "1"]

1. e4 e5 2. Nf3 Nf6 3. d4 Nxe4 4. Bd3 d5 5. Nxe5 Nd7 6. 0-0 Bd6 7. Nc3 Nxe5 8. dxe5 Bxe5 9. Nxe4 dxe4 10. Qe2 exd3 11. Qxe5+ Kf8 12. cxd3 Qd6 13. Qe4 f5 14. Qf3 c6 15. Bf4 Qd5 16. Qg3 Bd7 17. Rfe1 Re8 18. Rxe8+ Bxe8 19. Re1 h5 20. Bd6+ 1-0

[Event "Wch Seniors 65 26th"]
[Site "Marianske Lazne"]
[Date "2016.11.23"]
[Round "5"]
[White "Pokora, Lubomir"]
[Black "Bondar, Leonid"]
[Result "1/2-1/2"]
[WhiteElo "1895"]
[BlackElo "2019"]
[PlyCount "22"]
[EventDate "2016.11.19"]
[EventType "swiss"]
[EventRounds "11"]
[EventCountry "CZE"]
[SourceTitle "CBM 175 Extra"]
[Source "ChessBase"]
[SourceDate "2016.12.12"]
[SourceVersion "1"]
[SourceVersionDate "2016.12.12"]
[SourceQuality "1"]

1. c4 e5 2. Nc3 Nf6 3. g3 Nc6 4. Bg2 d6 5. Nf3 Be6 6. b3 h6 7. 0-0 Qd7 8. d4 exd4 9. Nxd4 Bh3 10. Re1 Bxg2 11. Kxg2 Be7 1/2-1/2

[Event "Olomouc Seniors op 19th"]
[Site "Olomouc"]
[Date "2016.08.17"]
[Round "6"]
[White "Castellano, Alfonso"]
[Black "Pokora, Lubomir"]
[Result "1/2-1/2"]
[WhiteElo "1949"]
[BlackElo "1873"]
[PlyCount "58"]
[EventDate "2016.08.13"]
[EventType "swiss"]
[EventRounds "9"]
[EventCountry "CZE"]
[SourceTitle "CBM 174 Extra"]
[Source "ChessBase"]
[SourceDate "2016.10.10"]
[SourceVersion "1"]
[SourceVersionDate "2016.10.10"]
[SourceQuality "1"]

1. c4 e5 2. g3 Nc6 3. Bg2 g6 4. Nc3 Bg7 5. e4 d6 6. Nge2 Nge7 7. d3 0-0 8. 0-0 f5 9. Be3 h6 10. f4 Kh7 11. Qd2 fxe4 12. dxe4 b6 13. Nd5 a5 14. Rac1 Be6 15. b3 Rc8 16. Rcd1 Bg4 17. h3 Bxe2 18. Qxe2 Nd4 19. Bxd4 exd4 20. g4 c5 21. f5 gxf5 22. exf5 Nxd5 23. Bxd5 Be5 24. Rd3 Rc7 25. Qe4 Qf6 26. Kf2 Kg7 27. Ke2 Qg5 28. Rdf3 Qh4 29. f6+ Bxf6 1/2-1/2

[Event "Olomouc Seniors op 19th"]
[Site "Olomouc"]
[Date "2016.08.15"]
[Round "4"]
[White "Plachy, Josef"]
[Black "Pokora, Lubomir"]
[Result "1/2-1/2"]
[WhiteElo "1667"]
[BlackElo "1873"]
[PlyCount "83"]
[EventDate "2016.08.13"]
[EventType "swiss"]
[EventRounds "9"]
[EventCountry "CZE"]
[SourceTitle "CBM 174 Extra"]
[Source "ChessBase"]
[SourceDate "2016.10.10"]
[SourceVersion "1"]
[SourceVersionDate "2016.10.10"]
[SourceQuality "1"]

1. e4 e5 2. Nf3 Nf6 3. d3 d6 4. Be2 Be7 5. Nc3 c6 6. 0-0 Nbd7 7. h3 Qc7 8. Nh2 0-0 9. Ng4 Re8 10. Nxf6+ Bxf6 11. Bg4 b5 12. Ne2 Bb7 13. Bxd7 Qxd7 14. Ng3 g6 15. Qf3 Bg7 16. h4 Bc8 17. h5 Qg4 18. Qxg4 Bxg4 19. hxg6 hxg6 20. f3 Be6 21. Kf2 f6 22. Rh1 Kf7 23. b3 Rh8 24. Be3 a6 25. Rxh8 Rxh8 26. Rh1 Rxh1 27. Nxh1 f5 28. Bg5 d5 29. exd5 cxd5 30. Ke2 Bd7 31. Nf2 Ke6 32. b4 d4 33. a3 Bf8 34. Bd2 Bc6 35. Nh3 Be7 36. Bg5 Bd6 37. Bd8 Kd7 38. Bb6 Be7 39. g3 Bf6 40. Bc5 g5 41. Nf2 Ke6 42. g4 1/2-1/2

[Event "Olomouc Seniors op 18th"]
[Site "Olomouc"]
[Date "2015.08.22"]
[Round "9"]
[White "Prachar, Josef"]
[Black "Pokora, Lubomir"]
[Result "1/2-1/2"]
[WhiteElo "1899"]
[BlackElo "1862"]
[PlyCount "22"]
[EventDate "2015.08.15"]
[EventType "swiss"]
[EventRounds "9"]
[EventCountry "CZE"]
[SourceTitle "EXT 2016"]
[Source "ChessBase"]
[SourceDate "2015.10.08"]
[SourceVersion "1"]
[SourceVersionDate "2015.10.08"]
[SourceQuality "1"]

1. d4 d6 2. c4 e5 3. Nf3 e4 4. Ng5 f5 5. Nc3 Be7 6. h4 Nf6 7. g3 c6 8. Nh3 Be6 9. e3 0-0 10. Nf4 Bf7 11. Bd2 Nbd7 1/2-1/2

[Event "Olomouc Seniors op 18th"]
[Site "Olomouc"]
[Date "2015.08.21"]
[Round "8"]
[White "Pokora, Lubomir"]
[Black "Kearsley, Raymond J"]
[Result "1-0"]
[WhiteElo "1862"]
[BlackElo "1730"]
[PlyCount "69"]
[EventDate "2015.08.15"]
[EventType "swiss"]
[EventRounds "9"]
[EventCountry "CZE"]
[SourceTitle "EXT 2016"]
[Source "ChessBase"]
[SourceDate "2015.10.08"]
[SourceVersion "1"]
[SourceVersionDate "2015.10.08"]
[SourceQuality "1"]

1. e4 c5 2. Nc3 Nc6 3. g3 g6 4. Bg2 Bg7 5. d3 d6 6. f4 e6 7. Nf3 Nge7 8. 0-0 0-0 9. Be3 f5 10. Qd2 Nd4 11. Nd1 Bd7 12. c3 Nxf3+ 13. Bxf3 Bc6 14. Bg2 b6 15. Re1 fxe4 16. dxe4 Qd7 17. Qc2 d5 18. Nf2 Rac8 19. Rad1 Qc7 20. Bc1 Bb7 21. Qe2 d4 22. cxd4 cxd4 23. b3 Nc6 24. Ba3 Rfd8 25. Rc1 Qd7 26. Red1 Qf7 27. e5 Bf8 28. Bxf8 Qxf8 29. Ne4 d3 30. Qe3 Nb4 31. Nf6+ Kh8 32. Bxb7 Rxc1 33. Qxc1 Nxa2 34. Qc7 Nb4 35. Qxh7# 1-0

[Event "Ostrava Seniors op"]
[Site "Ostrava"]
[Date "2014.04.30"]
[Round "5"]
[White "Herman, Pavel"]
[Black "Pokora, Lubomir"]
[Result "1/2-1/2"]
[WhiteElo "1706"]
[BlackElo "1892"]
[PlyCount "95"]
[EventDate "2014.04.26"]
[EventType "swiss"]
[EventRounds "9"]
[EventCountry "CZE"]
[SourceTitle "CBM 160 Extra"]
[Source "ChessBase"]
[SourceDate "2014.07.01"]
[SourceVersion "1"]
[SourceVersionDate "2014.07.01"]
[SourceQuality "1"]

1. c4 e5 2. Nc3 Nc6 3. Nf3 Nf6 4. d4 exd4 5. Nxd4 Ne5 6. Qb3 Bc5 7. Be3 d6 8. h3 0-0 9. 0-0-0 a5 10. Nc2 Bxe3+ 11. Nxe3 b6 12. Rg1 Nfd7 13. a3 Nc5 14. Qc2 a4 15. Kb1 f5 16. f4 Ng6 17. g3 Ne7 18. Bg2 Ra5 19. Nb5 Bd7 20. Nd4 Qc8 21. Bf3 Ne6 22. Nxe6 Bxe6 23. Qc3 Rc5 24. g4 g6 25. gxf5 Nxf5 26. Nxf5 Rfxf5 27. Rd4 b5 28. Bg4 Rf7 29. Qe3 Bf5+ 30. Ka1 bxc4 31. Qd2 Qe6 32. e4 Bxg4 33. hxg4 Qf6 34. f5 gxf5 35. exf5 Rg7 36. Qe3 Re5 37. Qd2 Rxf5 38. Rxc4 Rf1+ 39. Rc1 Rxg1 40. Rxg1 Rf7 41. Qd5 Qf4 42. g5 Kg7 43. Qh1 Qc4 44. Re1 Kg8 45. Qh3 c5 46. Qg2 Kg7 47. Qh3 Kf8 48. Rh1 1/2-1/2

[Event "Ostrava Seniors op"]
[Site "Ostrava"]
[Date "2014.04.29"]
[Round "4"]
[White "Pokora, Lubomir"]
[Black "Folta, Frantisek"]
[Result "1/2-1/2"]
[WhiteElo "1892"]
[BlackElo "1812"]
[PlyCount "44"]
[EventDate "2014.04.26"]
[EventType "swiss"]
[EventRounds "9"]
[EventCountry "CZE"]
[SourceTitle "CBM 160 Extra"]
[Source "ChessBase"]
[SourceDate "2014.07.01"]
[SourceVersion "1"]
[SourceVersionDate "2014.07.01"]
[SourceQuality "1"]

1. e4 c5 2. Nf3 d6 3. c3 Nf6 4. h3 Nc6 5. Bd3 g6 6. Bc2 Bg7 7. 0-0 0-0 8. Qe2 e5 9. d3 d5 10. Bg5 Qd6 11. Nbd2 Be6 12. Rfd1 b5 13. Bxf6 Bxf6 14. exd5 Bxd5 15. Ne4 Qe7 16. Qe3 Bxe4 17. Qxe4 Qd6 18. Qe3 Rac8 19. Nd2 Nd8 20. Ne4 Qc6 21. Rd2 Bg7 22. Re2 Ne6 1/2-1/2

[Event "Ostrava Seniors op"]
[Site "Ostrava"]
[Date "2014.04.26"]
[Round "1"]
[White "Fiser, Otakar"]
[Black "Pokora, Lubomir"]
[Result "0-1"]
[WhiteElo "1610"]
[BlackElo "1892"]
[PlyCount "42"]
[EventDate "2014.04.26"]
[EventType "swiss"]
[EventRounds "9"]
[EventCountry "CZE"]
[SourceTitle "CBM 160 Extra"]
[Source "ChessBase"]
[SourceDate "2014.07.01"]
[SourceVersion "1"]
[SourceVersionDate "2014.07.01"]
[SourceQuality "1"]

1. c4 e5 2. Nc3 Nc6 3. Nf3 g6 4. g3 Bg7 5. Bg2 Nf6 6. d3 0-0 7. 0-0 d6 8. Rb1 a5 9. a3 h6 10. b4 axb4 11. axb4 Nh5 12. e4 Be6 13. b5 Ne7 14. Be3 Qd7 15. Qd2 Kh7 16. c5 f5 17. h4 f4 18. gxf4 Nxf4 19. Ne2 Nxg2 20. Kxg2 Bh3+ 21. Kg1 Rxf3 0-1

[Event "Marianske Lazne-D 13th"]
[Site "Marianske Lazne"]
[Date "2014.01.21"]
[Round "4"]
[White "Pokora, Lubomir"]
[Black "Piankov, Evgenij"]
[Result "0-1"]
[WhiteElo "1891"]
[BlackElo "2249"]
[PlyCount "90"]
[EventDate "2014.01.18"]
[EventType "tourn"]
[EventRounds "9"]
[EventCountry "CZE"]
[SourceTitle "CBM 158 Extra"]
[Source "ChessBase"]
[SourceDate "2014.02.28"]
[SourceVersion "1"]
[SourceVersionDate "2014.02.28"]
[SourceQuality "1"]

1. e4 c6 2. d4 d5 3. exd5 cxd5 4. c4 Nf6 5. Nc3 g6 6. cxd5 Bg7 7. Bc4 0-0 8. Nge2 Nbd7 9. Bb3 Nb6 10. h3 Nfxd5 11. Bg5 h6 12. Bh4 Bf5 13. a3 Rc8 14. Nxd5 Nxd5 15. 0-0 Qd7 16. Rc1 Rxc1 17. Qxc1 Bd3 18. Re1 Rc8 19. Qd2 Bc4 20. Bd1 e6 21. Bg3 Qb5 22. Nf4 Bb3 23. Bf3 Rc2 24. Qd3 Qxd3 25. Nxd3 Bxd4 26. Bd1 Rd2 27. Bxb3 Rxd3 28. Bxd5 exd5 29. Be5 Bxe5 30. Rxe5 Kg7 31. Re2 Kf6 32. f3 h5 33. h4 a5 34. Kf2 b5 35. Kg3 Kf5 36. Kf2 Rb3 37. Kg3 a4 38. Kf2 d4 39. g3 f6 40. Kg2 d3 41. Rd2 Ke5 42. Rf2 Kd4 43. g4 b4 44. axb4 Rxb4 45. gxh5 gxh5 0-1

[Event "Marianske Lazne Seniors op"]
[Site "Marianske Lazne"]
[Date "2013.01.24"]
[Round "7"]
[White "Vorobyov, Yurij"]
[Black "Pokora, Lubomir"]
[Result "1-0"]
[WhiteElo "2239"]
[BlackElo "1899"]
[PlyCount "101"]
[EventDate "2013.01.18"]
[EventType "swiss"]
[EventRounds "9"]
[EventCountry "CZE"]
[SourceTitle "EXT 2014"]
[Source "ChessBase"]
[SourceDate "2013.11.20"]
[SourceVersion "1"]
[SourceVersionDate "2013.11.20"]
[SourceQuality "1"]

1. Nf3 d5 2. g3 Nf6 3. Bg2 c6 4. 0-0 Bf5 5. d3 h6 6. c4 Nbd7 7. cxd5 cxd5 8. Nc3 e6 9. Nd4 Bg6 10. e4 Bc5 11. Nb3 dxe4 12. dxe4 e5 13. Nxc5 Nxc5 14. f3 0-0 15. Be3 Qe7 16. Qe2 a6 17. Rfd1 Rfd8 18. Bh3 Bh5 19. g4 Bg6 20. g5 hxg5 21. Bxg5 Ne6 22. Bxf6 Qxf6 23. Nd5 Qg5+ 24. Qg2 Qxg2+ 25. Kxg2 Nf4+ 26. Nxf4 exf4 27. Rac1 f6 28. Be6+ Kf8 29. Rxd8+ Rxd8 30. Bd5 Rd7 31. Rc8+ Ke7 32. Rb8 Bf7 33. Rxb7 Bxd5 34. Rxd7+ Kxd7 35. exd5 Kd6 36. Kh3 Kxd5 37. Kg4 Ke5 38. b4 g6 39. a4 Kd5 40. h4 Kc4 41. b5 axb5 42. axb5 Kxb5 43. h5 gxh5+ 44. Kxh5 Kc5 45. Kg4 Kd6 46. Kxf4 Ke6 47. Ke4 f5+ 48. Kd4 Kd6 49. f4 Ke6 50. Kc5 Ke7 51. Kd5 1-0

[Event "Marianske Lazne Seniors op"]
[Site "Marianske Lazne"]
[Date "2013.01.23"]
[Round "6"]
[White "Pokora, Lubomir"]
[Black "Thonig, Manfred"]
[Result "1-0"]
[WhiteElo "1899"]
[BlackElo "1625"]
[PlyCount "93"]
[EventDate "2013.01.18"]
[EventType "swiss"]
[EventRounds "9"]
[EventCountry "CZE"]
[SourceTitle "EXT 2014"]
[Source "ChessBase"]
[SourceDate "2013.11.20"]
[SourceVersion "1"]
[SourceVersionDate "2013.11.20"]
[SourceQuality "1"]

1. e4 g6 2. d4 d6 3. Nc3 Nf6 4. Be3 Bg7 5. h3 c6 6. a4 0-0 7. Qd2 Nbd7 8. Nge2 a5 9. g3 e5 10. Bg2 Qc7 11. Rd1 Rd8 12. d5 Nb6 13. b3 Bd7 14. Bg5 c5 15. Qd3 Rac8 16. Qf3 Nbxd5 17. Nxd5 Nxd5 18. Bxd8 Qxd8 19. exd5 f5 20. 0-0 e4 21. Qe3 Qf8 22. Qd2 b6 23. c3 b5 24. axb5 Bh6 25. Qa2 Qd8 26. c4 Ra8 27. Kh2 g5 28. f3 exf3 29. Bxf3 g4 30. hxg4 fxg4 31. Be4 Qe8 32. Bg2 Qh5+ 33. Kg1 Be3+ 34. Rf2 Bxf2+ 35. Kxf2 Qe5 36. Qd2 Rf8+ 37. Nf4 h5 38. Kg1 Bf5 39. Re1 Qh8 40. Ne6 Rf6 41. Qxa5 Bxe6 42. dxe6 Rf8 43. Qd2 Qf6 44. Rf1 Qd4+ 45. Qxd4 Rxf1+ 46. Kxf1 cxd4 47. b6 1-0

[Event "Rychnov Seniors op"]
[Site "Rychnov nad Kneznou"]
[Date "2012.08.24"]
[Round "5"]
[White "Pokora, Lubomir"]
[Black "Vitek, Vaclav"]
[Result "0-1"]
[WhiteElo "1918"]
[BlackElo "2053"]
[PlyCount "58"]
[EventDate "2012.08.20"]
[EventType "swiss"]
[EventRounds "9"]
[EventCountry "CZE"]
[SourceTitle "CBM 150 Extra"]
[Source "ChessBase"]
[SourceDate "2012.10.19"]
[SourceVersion "1"]
[SourceVersionDate "2012.10.19"]
[SourceQuality "1"]

1. e4 e5 2. Nf3 Nc6 3. Bb5 f5 4. d3 d6 5. Nc3 Nf6 6. 0-0 Be7 7. Re1 0-0 8. Bc4+ Kh8 9. Ng5 Qe8 10. Ne6 Bxe6 11. Bxe6 f4 12. f3 Nd4 13. Bh3 Qh5 14. Rf1 g5 15. Ne2 Nxf3+ 16. Rxf3 g4 17. Bxg4 Qxg4 18. Qf1 Nh5 19. Bd2 Rg8 20. Bc3 Raf8 21. d4 d5 22. dxe5 dxe4 23. e6+ Bf6 24. e7 Rf7 25. h3 Qg5 26. Rxf4 Nxf4 27. Nxf4 Bxc3 28. Qc4 Qxf4 29. Qxc3+ Qf6 0-1

[Event "Rychnov Seniors op"]
[Site "Rychnov nad Kneznou"]
[Date "2012.08.22"]
[Round "3"]
[White "Stec, Frantisek"]
[Black "Pokora, Lubomir"]
[Result "1-0"]
[WhiteElo "2033"]
[BlackElo "1918"]
[PlyCount "87"]
[EventDate "2012.08.20"]
[EventType "swiss"]
[EventRounds "9"]
[EventCountry "CZE"]
[SourceTitle "CBM 150 Extra"]
[Source "ChessBase"]
[SourceDate "2012.10.19"]
[SourceVersion "1"]
[SourceVersionDate "2012.10.19"]
[SourceQuality "1"]

1. Nf3 d5 2. e3 c6 3. c4 Nf6 4. b3 Bg4 5. Bb2 Nbd7 6. Be2 e6 7. 0-0 Be7 8. d3 0-0 9. Nbd2 Qc7 10. d4 Rad8 11. Rc1 Rfe8 12. Re1 Nf8 13. Ne5 Bxe2 14. Rxe2 N6d7 15. Nd3 Qb8 16. a3 Bd6 17. g3 f5 18. b4 g5 19. Nf3 h6 20. Qb3 Ng6 21. b5 dxc4 22. Qxc4 Nb6 23. Qb3 cxb5 24. Qxb5 Nd5 25. Nc5 g4 26. Ne1 Bxc5 27. Rxc5 a6 28. Qb3 b6 29. Rc6 Rd6 30. Rec2 Nge7 31. Rxd6 Qxd6 32. Qd3 b5 33. Rc5 Rc8 34. Qc2 Rxc5 35. dxc5 Qc7 36. Nd3 Nc6 37. Ba1 Qh7 38. Qb2 Kf8 39. Ne5 Na5 40. Qc2 Qc7 41. e4 Ne7 42. Qa2 Qc8 43. Qd2 Nb3 44. Qxh6+ 1-0

[Event "Plzen op 3rd"]
[Site "Plzen"]
[Date "2011.11.20"]
[Round "2"]
[White "Nad, Boris"]
[Black "Pokora, Lubomir"]
[Result "1/2-1/2"]
[WhiteElo "1827"]
[BlackElo "1960"]
[PlyCount "28"]
[EventDate "2011.11.19"]
[EventType "swiss"]
[EventRounds "9"]
[EventCountry "CZE"]
[SourceTitle "CBM 145 Extra"]
[Source "ChessBase"]
[SourceDate "2012.01.03"]
[SourceVersion "1"]
[SourceVersionDate "2012.01.03"]
[SourceQuality "1"]

1. e4 e5 2. Nf3 Nc6 3. Bb5 a6 4. Bxc6 dxc6 5. d4 Bg4 6. dxe5 Qxd1+ 7. Kxd1 0-0-0+ 8. Nbd2 Ne7 9. Ke1 Ng6 10. h3 Be6 11. b3 Bb4 12. a3 Bc3 13. Rb1 Nxe5 14. Ng5 h6 1/2-1/2

[Event "Plzen op 3rd"]
[Site "Plzen"]
[Date "2011.11.19"]
[Round "1"]
[White "Pokora, Lubomir"]
[Black "Fiala, Robert"]
[Result "0-1"]
[WhiteElo "1960"]
[BlackElo "2288"]
[PlyCount "111"]
[EventDate "2011.11.19"]
[EventType "swiss"]
[EventRounds "9"]
[EventCountry "CZE"]
[SourceTitle "CBM 145 Extra"]
[Source "ChessBase"]
[SourceDate "2012.01.03"]
[SourceVersion "1"]
[SourceVersionDate "2012.01.03"]
[SourceQuality "1"]

1. e4 c5 2. Nc3 Nc6 3. g3 g6 4. Bg2 Bg7 5. d3 Rb8 6. f4 e6 7. Nf3 d5 8. 0-0 Nge7 9. Ne2 b6 10. c3 0-0 11. Qc2 b5 12. Be3 c4 13. d4 dxe4 14. Qxe4 Nd5 15. Bf2 b4 16. Qc2 Ba6 17. a3 bxc3 18. bxc3 Na5 19. Ne5 f6 20. Ng4 Rb3 21. Ne3 Qd6 22. Nxd5 exd5 23. f5 g5 24. g4 Bb7 25. a4 Bc6 26. Bg3 Qd7 27. Nc1 Rb6 28. Re1 Re8 29. Rxe8+ Qxe8 30. Na2 Bf8 31. Re1 Qd7 32. h4 Bxa4 33. Qe2 gxh4 34. Bxh4 Nb3 35. Nb4 Bxb4 36. cxb4 Qf7 37. Qf3 Bc6 38. Qc3 Bb7 39. Bg3 Qf8 40. Qe3 Qxb4 41. Qe8+ Qf8 42. Qd7 Bc6 43. Qxa7 Rb7 44. Qa6 Nxd4 45. Bf2 Qd6 46. Qa5 Nb3 47. Qc3 Rb4 48. Kh1 d4 49. Qg3 Bxg2+ 50. Qxg2 Qc7 51. Bg3 Qd7 52. Re6 d3 53. Rd6 Qf7 54. Bf4 Rb7 55. Bh6 Rb8 56. Rc6 0-1

[Event "Keres Memorial 36th"]
[Site "Vancouver"]
[Date "2011.05.22"]
[Round "5"]
[White "Patterson, Roger"]
[Black "Pokora, Lubomir"]
[Result "1/2-1/2"]
[WhiteElo "2157"]
[BlackElo "1930"]
[PlyCount "42"]
[EventDate "2011.05.20"]
[EventType "swiss"]
[EventRounds "7"]
[EventCountry "CAN"]
[SourceTitle "CBM 142 Extra"]
[Source "ChessBase"]
[SourceDate "2011.06.27"]
[SourceVersion "1"]
[SourceVersionDate "2011.06.27"]
[SourceQuality "1"]

1. e4 e5 2. Nf3 Nf6 3. d3 d6 4. Be2 Be7 5. 0-0 c6 6. Nbd2 Nbd7 7. d4 Qc7 8. c3 0-0 9. Re1 Re8 10. Bd3 Nf8 11. Nf1 h6 12. Ng3 Ng6 13. h3 Bf8 14. Nh2 Bd7 15. Ng4 Qd8 16. Qf3 Nh7 17. Bc4 Be6 18. Bxe6 Rxe6 19. d5 cxd5 20. exd5 Re8 21. Nf5 Nh4 1/2-1/2